| 000 | 02095nam0a2200349 4500 | ||
|---|---|---|---|
| 001 | RU\NLR\BIBL_A\022710236 | ||
| 005 | 20260322050757.0 | ||
| 010 |
_a978-5-6052300-9-0 _9650 |
||
| 010 |
_a978-966-1691-90-1 _bсерия |
||
| 035 | _a(NLR Aleph) 022710236 | ||
| 090 |
_a13639566 _c13639566 |
||
| 100 | _a20260128d2024 m y0rusy50 ca | ||
| 101 | 0 | _arus | |
| 102 | _aRU | ||
| 105 | _aabchz 000zy | ||
| 181 | 0 |
_ai3 _baxxe |
|
| 182 | 0 | _an | |
| 200 | 1 |
_aЗаметки в пути на Южный берег Крыма _fсочинение К. Жукова _g[составитель Г. Г. Филатова] |
|
| 203 |
_aТекст _bвизуальный _cнепосредственный |
||
| 210 |
_aСимферополь _cН.Орiанда _d2024 |
||
| 215 |
_a142, [1] с. _cил., карты, портр., факс. _d15 |
||
| 225 | 1 | _aКрымские путешествия | |
| 311 | _aНа обороте тит. л.: Печатается по: Заметки в пути на Южный берег Крыма / соч. К. Жукова. - Санкт-Петербург: в печати В. Головина, 1865 | ||
| 333 | _a16+ | ||
| 451 | 0 |
_12001#$aЗаметки в пути на Южный берег Крыма$fсоч. К. Жукова _1210##$aСанкт-Петербург$cв печати В. Головина$d1865 _1700#1$aЖуков$bК.$gКонстантин$f19 в.$cлитератор, путешественник$3RU\NLR\AUTH\770171489 _tЗаметки в пути на Южный берег Крыма _aЖуков, Константин (литератор, путешественник ; 19 в.) |
|
| 607 |
_aКрымский полуостров (Юг Восточной Европы) _xОписание и путешествия _yЮжное побережье _z19 в. _92321827 _3RU\NLR\AUTH\6601613788 |
||
| 686 | 1 | _aД890(237)02 | |
| 700 | 1 |
_aЖуков _bК. _cлитератор, путешественник _f19 в. _gКонстантин _9171439 _3RU\NLR\AUTH\770171489 |
|
| 942 | _cBOOK | ||
| 980 | _aNB | ||